000 00733cam a22002411 4500
999 _c6761
_d6761
001 749155
003 GBCCL
005 20241126110611.0
008 771130s1957 miu d 000 0 eng
010 _a 57014495
040 _aDLC
_cMBU-T
_dDLC
050 0 0 _aBS477
_b.W53
082 0 0 _a220.3
_bWIL
100 1 _aWilson, Walter L.
_q(Walter Lewis),
_d1881-1969.
_910515
245 0 0 _aWilson's dictionary of Bible types.
260 _aGrand Rapids,
_bEerdmans
_c[c1957]
300 _a519 p.
_c23 cm.
650 0 _aSymbolism in the Bible
_vDictionaries.
_99772
650 0 _aTypology (Theology)
_vDictionaries.
_912083
740 _aDictionary of Bible types.
906 _a7
_bcbc
_corignew
_du
_eocip
_f19
_gy-gencatlg
942 _2ddc
_cREF